La prenda de créditos.
Uloženo v:
| Hlavní autor: | |
|---|---|
| Další autoři: | |
| Médium: | Kniha |
| Jazyk: | španělština |
| Vydáno: |
Madrid, España:
Marcial Pons; Ediciones Jurídicas y Sociales; Centro de Estudios Registrales de Cataluña,
1996.
|
| Edice: | Colección Estudios Jurídicos.
|
| Témata: | |
| Tagy: |
Přidat tag
Žádné tagy, Buďte první, kdo vytvoří štítek k tomuto záznamu!
|
MARC
| LEADER | 00000nam a2200000 a 4500 | ||
|---|---|---|---|
| 001 | UCP4576 | ||
| 003 | CL-VaPUC | ||
| 005 | 20220822114340.0 | ||
| 008 | 990806e19960000SP |||||||||||||||||spa|d | ||
| 999 | |c 282487 |d 282485 | ||
| 020 | |a 84-7248-348-7 | ||
| 040 | |c Pontificia Universidad Católica de Valparaíso | ||
| 082 | 0 | 4 | |a 346.074 ARA 1996 |2 21 |
| 100 | 0 | |a Aranda Rodríguez, Remedios |e autor |9 432117 | |
| 245 | 1 | 3 | |a La prenda de créditos. |
| 260 | |a Madrid, España: |b Marcial Pons; |b Ediciones Jurídicas y Sociales; |b Centro de Estudios Registrales de Cataluña, |c 1996. | ||
| 300 | |a 268 páginas. | ||
| 490 | 0 | |a Colección Estudios Jurídicos. | |
| 500 | |a c.2 Donación Familia Prof. Alejandro Guzmán Brito. | ||
| 583 | |a last modification |c 19990806 00:00:00 |k Rodrigo Vera | ||
| 650 | 0 | |a Derecho comparado |9 255664 | |
| 650 | 0 | |a Derecho español |9 255291 | |
| 650 | 0 | |a Deudor y acreedor |9 256643 | |
| 650 | 0 | |a Prenda |9 254917 | |
| 700 | |a Miquel González, José María |e prólogo |9 487203 | ||
| 942 | |c BK |2 ddc |n 0 | ||
| 945 | |d 19990806 00:00:00 |a vberengu | ||
| 952 | |0 0 |1 0 |4 0 |6 346_074000000000000_ARA_1996 |7 0 |8 A |9 324302 |a BIBDER |b BIBDER |d 2019-11-20 |i 3546985 |o 346.074 ARA 1996 |p 3546985 |r 2023-01-25 |w 2019-11-20 |y BK |k DER | ||